| 000 | 01199na a2200385 4500 | ||
|---|---|---|---|
| 001 | 14638 | ||
| 003 | MIRAKIL | ||
| 005 | 20181213155255.0 | ||
| 008 | 161101b tu 000 0 | ||
| 020 | _a9786053993612 | ||
| 035 | _a14638 | ||
| 040 |
_aMilas _btur _cTR-AnCHP |
||
| 041 | _atur | ||
| 082 |
_a956.93 _bD29k 2014 |
||
| 090 | _a956.93 D29k 2014 | ||
| 100 | _aDayıoğlu, Ali | ||
| 245 |
_aKuzey Kıbrıs'ın "ötekileri" _bRumlar, Maruniler, Romanlar, Aleviler, Kürtler _cAli Dayıoğlu |
||
| 246 | _aRumlar, Maruniler, Romanlar, Aleviler, Kürtler | ||
| 246 | _aRumlar | ||
| 246 | _aMaruniler | ||
| 246 | _aRomanlar | ||
| 246 | _aAleviler | ||
| 246 | _aKürtler | ||
| 260 |
_aİstanbul _bİstanbul Bilgi Üniversitesi Yayınları _c2014 |
||
| 300 |
_a150 s. _bfotg. _c23 sm. |
||
| 490 |
_aİstanbul Bilgi Üniversitesi yayınları _v457 s. |
||
| 490 |
_aAraştırma _v6 |
||
| 504 | _aKaynakça (137-150 ss.) var. | ||
| 650 |
_aAzınlıklar _xHukuksal durum, yasalar vb. _zKıbrıs |
||
| 650 |
_aTürkler _xEtnik kimlik _zKıbrıs |
||
| 650 |
_aSiyaset ve yönetim _zKKTC |
||
| 651 |
_aKKTC _xSiyaset ve yönetim |
||
| 651 |
_aKKTC _xSosyal yaşam |
||
| 942 |
_2dcc _cBKS |
||
| 999 |
_c9752 _d9752 |
||